000 00573nam a2200181Ia 4500
003 IN-BaIIA
008 211028s9999 xx 000 0 eng d
020 _a1-886733-13-9
040 _cIIA Library
080 _a082.2:52
_bASP-92
100 _aMorrison, H
_920914
245 0 _aFormation of the galactic halo....inside and out
_cH. Morrison
260 _aCalifornia
_bAstronomical Society of the Pacific
_c1996
300 _a[various pagings.]
650 _aGalactic halos
_920038
650 _aHalos
_911995
942 _cBK
999 _c12025
_d12025